000 00870nam a2200217 a 4500
001 000034324
005 20200930073635.0
008 111003s1993 ve 000 0 spa d
020 _a980221650x
040 _aDO-SdBNP
_bspa
_cBNPHU
245 0 4 _aLos indicadores sociales en Venezuela /
_cCarlos Eduardo Febres, ... [et al.] ; prólogo Jesús Enrique Robles Vera.
260 _aVenezuela :
_bUniversidad de los Andes, Consejo de Publicaciones,
_c1993.
300 _a129 p. ;
_c22 cm.
490 1 _aCienciasSociales
_aSociología
500 _aIncluye referencias bibliográficas y notas al pie de las páginas
590 _aPerteneció a la biblioteca personal de Juan Isidro Jimenes Grullón.
700 1 2 _aFebres, Carlos Eduardo
_959750
700 1 2 _aRobles Vera, Jesús Enrique
_epról.
_959751
830 0 _aCienciasSociales
_pSociología
_959752
049 _aBNPD
999 _c33815
_d33815